| 000 | 00541nam a22001937a 4500 | ||
|---|---|---|---|
| 003 | OSt | ||
| 005 | 20140714192704.0 | ||
| 008 | 140714b xxu||||| |||| 00| 0 eng d | ||
| 020 | _a0335200680 | ||
| 040 | _cDNLM | ||
| 082 |
_222nd ed _a306.43 COF 2009 |
||
| 100 |
_aCoffey, Amanda _9526 |
||
| 245 | _aEducation and social change | ||
| 260 |
_aOpen University press _bOpen University press _c2009 |
||
| 300 |
_a142p; _bill _c22cm |
||
| 504 | _aReferences, & index included. | ||
| 650 |
_aSociology and social change _9527 |
||
| 942 |
_2ddc _cB_BANK |
||
| 999 |
_c204 _d204 |
||